Countries with the Highest FIFA Ranking A-Z - Statistics

General Stats
  • This quiz has been taken 194 times
    23 since last reset
  • The average score is 22 of 25
Answer Stats
Letter World Rank Answer % Correct
A 1 Argentina
100%
B 5 Brazil
100%
D 21 Denmark
100%
E 4 England
100%
F 3 France
100%
J 17 Japan
100%
O 79 Oman
100%
P 6 Portugal
100%
S 2 Spain
100%
G 9 Germany
96%
N 7 Netherlands
96%
Q 53 Qatar
96%
R 35 Russia
96%
Y 156 Yemen
96%
C 10 Croatia
91%
H 38 Hungary
91%
I 11 Italy
91%
Z 83 Zambia
91%
U 15 United States
87%
T 27 Turkey
83%
V 46 Venezuela
78%
L 92 Luxembourg
65%
M 12 Morocco
65%
W 31 Wales
65%
K 95 Kosovo
61%
No matching quizzes found
Score Distribution
Percent of People with Each Score
Percentile by Number Answered
Your Score History
You have not taken this quiz since the last reset